Arquitectura pública e historia reciente (Registro nro. 12471)

Detalles MARC
000 -LEADER
longitud fija campo de control 04584nam a22007457a 4500
003 - IDENTIFICADOR DE NUMERO DE CONTROL
control del campo AR-RoUNA
005 - FECHA DE LA ULTIMA MODIFICACION
control del campo 20260612112058.0
008 - CAMPO DE CONTROL - LIBROS
longitud fija campo de control 260612b |||||||| |||| 00| 0 spa d
020 ## - INTERNATIONAL STANDARD BOOK NUMBER
ISBN 978-987-749-501-0
040 ## - ORIGEN DE LA CATALOGACION
Agencia que cataloga la obra original AR-RoUNA
Idioma en que se cataloga spa
Entidad que modifico el registro AR-RoUNA
041 ## - CODIGO DE IDIOMA
Codigo de idioma del texto / sonido o titulo separado spa
044 ## - CODIGO DE PAIS / ENTIDAD PRODUCTORA
Codigo MARC del pais ag
245 10 - TITULO PROPIAMENTE DICHO
Titulo Arquitectura pública e historia reciente
Subtitulo : Santa Fe, 1989–2022
Mencion de responsabilidad, etc / editoras Lucía espinosa y Viviana Bolcatto; Emiliana Balestieri; Facundo Tomás Berdat; Lucía Brumnich; Pablo Ignacio Cocuzza; María Espinoza; María Virginia Fabre; Pablo Ignacio Ferreira; Federico Gigante; Sofía Floriani; Germán Godoy Hernández; Micaela Ayelén Grimaldi; Pamela Mata y Lucía Suarez
260 ## - EDITORIAL - PUBLICACION, DISTRIBUCION, ETC. (Pie de imprenta)
Lugar de publicacion, distribucion, etc Santa Fe (Argentina):
Nombre del editor, distribuidor, etc Ediciones UNL,
Fecha de publicacion 2025
300 ## - DESCRIPCION FISICA
Extension 173 p.:
Otros detalles fisicos Cuadros estadísticos,
-- fot. byn.,
Dimensiones 24x17 cm
505 0# - NOTA DE CONTENIDO CON FORMATO
Título INDICE
505 0# - NOTA DE CONTENIDO CON FORMATO
Título PRESENTACION
505 0# - NOTA DE CONTENIDO CON FORMATO
Título principal Lucía Espinoza y Viviana Bolcatto. p. 11
505 0# - NOTA DE CONTENIDO CON FORMATO
Título ARQUITECTURA
505 0# - NOTA DE CONTENIDO CON FORMATO
Título principal Lucía Espinoza / Definir arquitectura pública. El pliegue contexto-proyecto. p. 17
505 0# - NOTA DE CONTENIDO CON FORMATO
Título principal Germán Godoy Hernández / El proyecto arquitectónico como accidente del tiempo. El nuevo Hospital Iturraspe. p. 31
505 0# - NOTA DE CONTENIDO CON FORMATO
Título principal Pablo Igancio Ferreira / Los bordes de la arquitectura. Nuevas concepciones de naturaleza para el estudio de la arquitectura pública. p. 41
505 0# - NOTA DE CONTENIDO CON FORMATO
Título CIUDAD
505 0# - NOTA DE CONTENIDO CON FORMATO
Título principal Federico Gigante / Fugas visuales. Observar y ser observado en la ciudad contemporanea argentina. p. 59
505 0# - NOTA DE CONTENIDO CON FORMATO
Título principal María Elena del Barco / Cuestionar la ciudad: historia, monumentos, escala y límites. Entre las fotos satelitales y el mapa mental. p. 73
505 0# - NOTA DE CONTENIDO CON FORMATO
Título principal Sofía Floriani y Micaela Grimaldi / Revisión metodológica para abordar la ciudad de Santa Fe con perspectiva de género. p. 79
505 0# - NOTA DE CONTENIDO CON FORMATO
Título principal Facundo Berdat / Colectivo, facultad, sueño. p. 91
505 0# - NOTA DE CONTENIDO CON FORMATO
Título MODO DE PROYECTO
505 0# - NOTA DE CONTENIDO CON FORMATO
Título principal Pablo Ignacio Cocuzza / Lo reciente como periodización. Mapa de agencias estatles y programas nacionales. p. 101
505 0# - NOTA DE CONTENIDO CON FORMATO
Título principal Emiliana Jésica Balestieri / Modos de proyectos en la arquitectura santafesina. Cartografías proyectuales. p. 111
505 0# - NOTA DE CONTENIDO CON FORMATO
Título principal María Virginia Fabre / La superficie arquitectónica como escena del poder político. La escuela de trabajo Barranquitas Sur. p. 127
505 0# - NOTA DE CONTENIDO CON FORMATO
Título principal Lucía Brumnich / La búsqueda de fuentes para el análisis de obras de arquitectura en la actualidad a través de una mirada de formación docente. p. 135
505 0# - NOTA DE CONTENIDO CON FORMATO
Título COMUNICACIÓN
505 0# - NOTA DE CONTENIDO CON FORMATO
Título principal Pamela Verónica Mata / Nuevas formas de mirar en espacio expandidos. Estrategias de diseño y comunicación en el espacio público desde narrativas audiovisuales. p. 143
505 0# - NOTA DE CONTENIDO CON FORMATO
Título principal Lucía Suarez / La publiciadad en la obra pública. El acento en los límites. p. 149
505 0# - NOTA DE CONTENIDO CON FORMATO
Título principal Viviana Bolcatto / Abrir las puertas a un lugar de encierro. Sobre el método de trabajo en el archivo del Hospital Mira y López. p. 155
505 0# - NOTA DE CONTENIDO CON FORMATO
Título PREGUNTAS DE CIERRE - DEFINIR PARA ENSEÑAR (Lucía Esponiza y Viviana Bolcatto)
505 0# - NOTA DE CONTENIDO CON FORMATO
Título SOBRE LAS EDITORAS
505 0# - NOTA DE CONTENIDO CON FORMATO
Título SOBRE LAS AUTORAS Y LOS AUTORES
505 0# - NOTA DE CONTENIDO CON FORMATO
Título principal Este libro es el resultado del trabajo colectivo de un conjunto de docentes investigadoras e investigadores de la Facultad de Arquitectura, Diseño y Urbanismo de la Universidad Nacional del Litoral, cuyo objetivo central ha sido reunirse para leer y reflexionar acerca de los tópicos de la arquitectura pública, la historia reciente, las relaciones que establecen entre ambas y el valor que se les asigna en el debate abierto en la Argentina de la tercera década del siglo.<br/>
650 #4 - MATERIA - TERMINO TEMATICO
Término temático general Arquitectura pública
650 #4 - MATERIA - TERMINO TEMATICO
Término temático general Historia Argentina
651 #4 - MATERIA - NOMBRE GEOGRAFICO
Termino geografico Santa Fe (Argentina)
9 (RLIN) 62
700 ## - ENTRADA SECUNDARIA - NOMBRES PERSONALES
9 (RLIN) 7618
Nombre personal Espinoza, Lucia
Función ed.
700 1# - ENTRADA SECUNDARIA - NOMBRES PERSONALES
Nombre personal Bolcatto, Viviana
Función ed.
9 (RLIN) 27770
700 1# - ENTRADA SECUNDARIA - NOMBRES PERSONALES
Nombre personal Balestieri, Emiliana
9 (RLIN) 27771
700 1# - ENTRADA SECUNDARIA - NOMBRES PERSONALES
Nombre personal Berdat, Facundo Tomás
9 (RLIN) 27772
700 1# - ENTRADA SECUNDARIA - NOMBRES PERSONALES
Nombre personal Brumnich, Lucía
9 (RLIN) 27773
700 1# - ENTRADA SECUNDARIA - NOMBRES PERSONALES
Nombre personal Cocuzza, Pablo Ignacio
9 (RLIN) 27774
700 ## - ENTRADA SECUNDARIA - NOMBRES PERSONALES
Nombre personal Del Barco, Maria Elena.
9 (RLIN) 18508
700 1# - ENTRADA SECUNDARIA - NOMBRES PERSONALES
Nombre personal Fabre, María Virginia
9 (RLIN) 27775
700 1# - ENTRADA SECUNDARIA - NOMBRES PERSONALES
Nombre personal Ferreira, Pablo Ignacio
9 (RLIN) 27776
700 1# - ENTRADA SECUNDARIA - NOMBRES PERSONALES
Nombre personal Gigante, Federico
9 (RLIN) 27777
700 1# - ENTRADA SECUNDARIA - NOMBRES PERSONALES
Nombre personal Floriani, Sofía
9 (RLIN) 27778
700 1# - ENTRADA SECUNDARIA - NOMBRES PERSONALES
Nombre personal Godoy Hernández, Germán
9 (RLIN) 27779
700 1# - ENTRADA SECUNDARIA - NOMBRES PERSONALES
Nombre personal Grimaldi, Micaela Ayelén
9 (RLIN) 27780
700 1# - ENTRADA SECUNDARIA - NOMBRES PERSONALES
Nombre personal Mata, Pamela
9 (RLIN) 27781
700 1# - ENTRADA SECUNDARIA - NOMBRES PERSONALES
Nombre personal Suarez, Lucía
9 (RLIN) 27782
856 ## - LOCALIZACION ELECTRONICA Y ACCESO
Identificador uniforme de recursos <a href=" https://hdl.handle.net/11185/7950 "> https://hdl.handle.net/11185/7950 </a>
908 ## - SOPORTE
Soporte Imp
930 ## - ACCESION
Numero de accesion (NR) 12335
942 ## - FUENTE DE CLASIFICACION
Clasificacion Universal Decimal Classification
Tipo de item Libro
945 ## - INFORMACION DE PROCESAMIENTO
Fecha de ingreso o modificacion 2026-06-12
980 ## - DECLARACIÓN DE EQUIVALENCIA O SERIE DE REFERENCIA CRUZADA - NOMBRE / TÍTULO PERSONAL [LOCAL, CANADÁ]
Código del operador 5
Nombre del operador María Machado
Código del operador que modifico el registro 138
Nombre del operador que modifico el registro Carolina Rainero
Existencias
Estado retiro Estado perdido Sistema de clasificacion Estado general Biblioteca de origen Ubicacion actual Localizacion en estante Fecha de adquisicion Fuente de adquisicion Prestamos totales Proveedor Numero de ejemplar Tipo de elemento KOHA Nota no publica
Disponible Disponible udc No dañado Arq. Hilarión H. Larguia Arq. Hilarión H. Larguia Tec 12/06/2026 Don   18516 ej. 1 Libro